2014 England World Cup Squad - Statistics

General Stats
  • This quiz has been taken 39 times
  • The average score is 17 of 23
Answer Stats
Club Position Caps Answer % Correct
Chelsea CM 105 Frank Lampard
100%
Manchester City GK 41 Joe Hart
100%
Liverpool CM 111 Steven Gerrard
100%
Manchester United ST 92 Wayne Rooney
97%
Chelsea CB 24 Gary Cahill
94%
Liverpool DM 11 Jordan Henderson
89%
Manchester United CB 10 Phil Jones
89%
Manchester United LB 2 Luke Shaw
86%
Everton LB 24 Leighton Baines
83%
Liverpool RM 4 Raheem Sterling
83%
Liverpool ST 12 Daniel Sturridge
80%
Manchester United ST 24 Danny Welbeck
80%
Manchester United CB 12 Chris Smalling
77%
Everton CB 26 Phil Jagielka
77%
Celtic GK 2 Fraser Forster
74%
Liverpool RB 52 Glen Johnson
71%
Manchester City CM 47 James Milner
69%
Southampton AM 6 Adam Lallana
60%
West Bromwich Albion GK 7 Ben Foster
57%
Liverpool ST 6 Rickie Lambert
54%
Arsenal AM 15 Alex Oxlade-Chamberlain
49%
Everton AM 6 Ross Barkley
43%
Arsenal CM 18 Jack Wilshire
23%
No matching quizzes found
Score Distribution
Percent of People with Each Score
Percentile by Number Answered
Your Score History
You have not taken this quiz